000 00974nas a2200265 4500
001 BR8708086
003 BR-BrBNA
005 20231205090957.0
007 ta
008 230509b bl.|||p| |||| 00| 00por d
040 _aBR-BrBNA
_bpor
_cBiblioteca Nacional de Agricultura
041 _a(Pt)
072 _aF02
100 1 _aRodrigues, J.E.L.F.
100 1 _aLucchesi, A.A.
245 1 _aPropagacao vegetativa do guaranazeiro (Paullinia cupana (Mart.)Ducke)atraves de estacas induzidas (capeadas)e com acido indolilbutirico
246 1 _aVegetative propagation of guarana plant (Paullinia cupana (Mart.)Ducke)by cuts root induced with indolilbutiric acid
650 _aGUARANA
650 _aREPRODUCAO VEGETAL
650 _aESTACA
650 _aENRAIZAMENTO
773 0 _tAnais da Escola Superior de Agricultura Luiz de Queiroz (Brazil)
_xISSN 0071-1276
_g(1987), v. 44(1) p. 1-20
_wBR8708086
909 _a202311
_bLúcia
_c55
_dLúcia Elande
942 _2AGRIS
_n0
_cANA
999 _c121993
_d121993